大阪府の戦前市制・町制 - Statistics

General Stats
  • This quiz has been taken 60 times
  • The average score is 34 of 86
Answer Stats
施行日 施行内容 所属郡 回答 % Correct
1889.04.01 市制 (市) 大阪市
100%
1889.04.01 市制 (市) 堺市
98%
1922.11.01 市制 (市) 岸和田市
88%
1940.04.01 市制 (市) 吹田市
88%
1915.04.01 町制 泉北郡 大津町
86%
1936.10.15 市制 (市) 豊中市
86%
1943.01.01 市制 (市) 高槻市
86%
1898.10.14 町制 三島郡 高槻町
79%
1903.08.31 町制 中河内郡 八尾町
79%
1908.04.01 町制 三島郡 吹田町
79%
1911.10.01 町制 泉南郡 佐野町
79%
1889.04.01 町制 豊島郡 池田町
76%
1889.04.01 町制 南郡 岸和田町
76%
1898.10.14 町制 三島郡 茨木町
76%
1910.09.01 町制 南河内郡 長野町
76%
1927.04.01 町制 豊能郡 豊中町
76%
1939.04.29 市制 (市) 池田市
76%
1889.04.01 町制 南郡 貝塚町
74%
1889.04.01 町制 茨田郡 枚方町
74%
1915.01.01 町制 泉北郡 高石町
74%
1915.01.01 町制 南河内郡 柏原町
74%
1925.04.01 町制 中河内郡 布施町
74%
1937.04.01 市制 (市) 布施市
74%
1889.04.01 町制 茨田郡 守口町
71%
1939.04.01 町制 北河内郡 門真町
69%
1939.07.15 町制 中河内郡 枚岡町
69%
1939.07.01 町制 北河内郡 交野町
67%
1943.05.01 市制 (市) 貝塚市
67%
1942.07.01 町制 中河内郡 松原町
64%
1939.10.01 町制 泉北郡 忠岡町
62%
1940.04.01 町制 三島郡 島本町
62%
1896.08.08 町制 南河内郡 富田林町
60%
1912.10.01 町制 東成郡 鶴橋町
55%
1916.08.01 町制 南河内郡 古市町
50%
1920.06.01 町制 泉北郡 鳳町
50%
1928.10.15 町制 南河内郡 藤井寺町
50%
1942.04.01 市制 (市) 泉大津市
50%
1933.04.01 町制 泉北郡 和泉町
43%
1939.06.01 町制 北河内郡 茨田町
38%
1943.02.11 町制 泉南郡 深日町
38%
1889.04.01 町制 南郡 岸和田浜町
36%
1889.04.01 町制 西成郡 天保町
33%
1925.11.01 町制 三島郡 富田町
33%
1940.04.01 町制 泉南郡 樽井町
33%
1943.03.10 町制 泉南郡 多奈川町
33%
1903.11.10 町制 西成郡 伝法町
31%
1937.01.01 町制 北河内郡 住道町
29%
1939.09.01 町制 豊能郡 庄内町
29%
1914.04.01 町制 泉北郡 浜寺町
26%
1889.04.01 町制 住吉郡 平野郷町
24%
1889.04.01 町制 住吉郡 安立町
24%
1939.06.01 町制 泉南郡 尾崎町
24%
1943.02.01 町制 北河内郡 九箇荘町
24%
1889.04.01 町制 東成郡 東平野町
21%
1915.10.01 町制 泉北郡 湊町
21%
1910.09.01 町制 東成郡 鯰江町
19%
1915.11.10 町制 西成郡 玉出町
19%
1927.06.01 町制 中河内郡 龍華町
14%
1928.04.01 町制 泉南郡 春木町
14%
1929.01.01 町制 三島郡 芥川町
14%
1922.10.01 町制 西成郡 稗島町
12%
1923.06.01 町制 西成郡 西中島町
12%
1925.04.01 町制 中河内郡 小阪町
12%
1935.02.11 町制 泉北郡 福泉町
12%
1911.02.01 町制 西成郡 中津町
10%
1917.09.01 町制 西成郡 今宮町
10%
1941.04.01 町制 南河内郡 国分町
10%
1941.02.11 町制 泉南郡 信達町
7%
1889.04.01 町制 東成郡 玉造町
5%
1912.01.01 町制 西成郡 豊崎町
5%
1922.07.15 町制 西成郡 神津町
5%
1935.07.01 町制 泉南郡 山直町
5%
1943.10.01 町制 中河内郡 盾津町
5%
1889.04.01 町制 西成郡 西浜町
2%
1911.02.01 町制 西成郡 鷺洲町
2%
1912.10.01 町制 東成郡 中本町
2%
1914.04.01 町制 東成郡 田辺町
2%
1922.05.01 町制 西成郡 千船町
2%
1935.02.11 町制 北河内郡 殿山町
2%
1936.12.01 町制 北河内郡 三郷町
2%
1940.11.15 町制 北河内郡 津田町
2%
1943.10.07 町制 泉北郡 八坂町
2%
1913.11.01 町制 泉北郡 向井町
0%
1914.10.01 町制 東成郡 榎並町
0%
1929.10.15 町制 中河内郡 楠根町
0%
1943.10.01 町制 中河内郡 玉川町
0%
No matching quizzes found
Score Distribution
Percent of People with Each Score
Percentile by Number Answered
Your Score History
You have not taken this quiz